Responses for Show #1645 - Friday, October 25, 1991

Contestants

[<< previous game]

Jim Baughman, a fine arts printer from Los Angeles, California

Dallas Boggs, a university professor from Encinitas, California

Bill Spencer, a public policy analyst originally from Jackson, Mississippi (whose 1-day cash winnings total $6,000)

[next game >>]

Jeopardy! Round responses

IOWA
MOVIE NOSTALGIA
WRITING INSTRUMENTS
BIOLOGY
THE OLYMPICS
"PRO"s & "CON"s
    $100 12
the Louisiana Purchase

Jim
    $100 6
Scarlett O'Hara

Jim
    $100 7
a chalk talk

Bill
    $100 13
white

Jim
    $100 26
rings

Jim
    $100 1
Concord grapes

Bill
    $200 22
the Mississippi

Bill
    $200 9
Gary Cooper

Dallas
    $200 8
a fountain pen

Dallas
    $200 14
oxygen

Jim
    $200 27
chariots

Dallas
    $200 2
Provo

Bill
    $300 23
the Hawkeyes

Dallas
    $300 10
To Be or Not to Be

Dallas
    $300 19
Crayola

Jim
    $300 15
capillaries

Dallas
    $300 28
a Finn

Dallas
    $300 3
concubines

Dallas
    $400 24
Grant Wood

Jim
    $400 11
Judgment at Nuremberg

Bill
    $400 20
(Jim: What are erasers?)
...
(Alex: The erasers on the end of [*] didn't come until about 11 years later.)

pencils

BillJim
    $400 17
(Ivan) Pavlov

Jim
    $500 29
(Dallas: [*]? Who was [*]?)

Sonja Henie

Dallas
    $400 4
probate court

Triple Stumper
    $500 25
Pere Marquette

Bill
    $500 16
Rita Hayworth

Jim
    $500 21
a stylus

Bill
    $500 18
the Y chromosome

Jim
    $500 30
(Dallas: Uh... what is water ballet?)
(Bill: What is water polo?)

yachting

BillDallas
Triple Stumper
    $500 5
a connoisseur

Dallas

Scores at the first commercial break (after clue 15):

Bill Dallas Jim
$800 $1,800 $500

Scores at the end of the Jeopardy! Round:

Bill Dallas Jim
$1,900 $2,600 $2,300

Double Jeopardy! Round responses

EUROPEAN HISTORY
MUSIC
WOMEN
MICHELANGELO
POLITICIANS
FAMOUS QUOTES
    $200 2
Yugoslavia

Bill
    $200 24
Oklahoma! (or South Pacific)

Bill
    $200 16
"Babe" Didrikson Zaharias

Dallas
    $200 7
the painting of the Sistine Chapel

Dallas
    $200 15
Henry Kissinger

Dallas
    $200 1
a day

Jim
    $400 3
the Age of Reason

Jim
    $400 27
"Cannonball"

Dallas
    $400 17
(Dallas: Who is Emily Post?)

Amy Vanderbilt

DallasJim
    $400 8
an architect

Dallas
    $400 21
Howard Baker

Triple Stumper
    $400 11
Julius Caesar

Bill
    $600 4
the Protestant Reformation

Dallas
    $600 28
(Dallas: Who is Charlie Bird?)

Charlie Parker

DallasJim
    $600 19
Julia Ward Howe

Dallas
    $600 9
Florence

Dallas
    $600 22
Sam Rayburn

Dallas
    $600 12
the stars

Bill
    $800 5
Charlemagne

Bill
    $800 29
Caruso

Bill
    $800 20
Rachel Carson

Bill
    $800 10
Bacchus

Bill
    $800 25
the Rockefellers

Jim
    $2,000 13
(Bill: Who is Milton?)

Percy Bysshe Shelley

Bill
    $1000 6
Iceland

Jim
    $1000 30
Baroque

Dallas
    $500 23
(Alex: Pick a name.)
(Dallas: [No response]
(Alex: Can't come up with anything?)

Fannie Farmer

Dallas
    $1000 18
David

Bill
    $1000 26
John Anderson

Bill
    $1000 14
moths

Jim

Scores at the end of the Double Jeopardy! Round:

Bill Dallas Jim
$6,500 $5,900 $6,700

[wagering suggestions for these scores]

Final Jeopardy! Round responses

LITERARY SEQUELS
(Alex: If you don't know this one right off the bat you have to do an interesting transition from Shakespeare all the way through to the end.)
DallasWhat is The Big Sleep
$5,800
BillWhat is The Long Big Sleep?
$6,000
JimWhat is "The Big Sleep"
$6,700
The Big Sleep

Final scores:

Bill Dallas Jim
$12,500 $11,700 $13,400
2nd place: trip on Delta to St. Thomas, Virgin Islands & stay at the Frenchman's Reef 3rd place: Cuthhberton Christmas tree dinnerware + Nintendo Entertainment System with Super Jeopardy! & Wheel of Fortune + InfoGenius for Game Boy New champion: $13,400

Game dynamics:

Coryat scores:

Bill Dallas Jim
$8,500 $6,300 $6,700
18 R,
2 W
(including 1 DD)
20 R
(including 1 DD),
4 W
(including 1 DD)
17 R,
1 W

Combined Coryat: $21,500

[game clues] [game scores] [suggest correction]

Game tape date: 1991-08-27
The J! Archive is created by fans, for fans. Scraping, republication, monetization, and malicious use prohibited; this site may use cookies and collect identifying information. See terms. The Jeopardy! game show and all elements thereof, including but not limited to copyright and trademark thereto, are the property of Jeopardy Productions, Inc. and are protected under law. This website is not affiliated with, sponsored by, or operated by Jeopardy Productions, Inc. Join the discussion at JBoard.tv.